UBT Library

Synopsis of pediatrics (Record no. 44123)

000 -LEADER
fixed length control field 00606cam a2200205 4500
001 - CONTROL NUMBER
control field 1699320
005 - DATE AND TIME OF LATEST TRANSACTION
control field 20180306032844.0
008 - FIXED-LENGTH DATA ELEMENTS--GENERAL INFORMATION
fixed length control field 700523s1967 moua b 001 0 eng
010 ## - LIBRARY OF CONGRESS CONTROL NUMBER
LC control number 67017859
040 ## - CATALOGING SOURCE
Original cataloging agency DLC
Transcribing agency DLC
Modifying agency DLC
041 ## - LANGUAGE CODE
Language code of text/sound track or separate title eng
080 ## - UNIVERSAL DECIMAL CLASSIFICATION NUMBER
Universal Decimal Classification number 618.92
082 00 - DEWEY DECIMAL CLASSIFICATION NUMBER
Classification number 618.92 HUG
100 1# - Rafti
Rafti 8
101 ## - Shkurtesa
Shkurtesa PED
245 10 - TITLE STATEMENT
Title Synopsis of pediatrics
Statement of responsibility, etc [by] James G. Hughes. With the collaboration of 26 faculty members of the University of Tennessee College of Medicine.
504 ## - BIBLIOGRAPHY, ETC. NOTE
Bibliography, etc Includes bibliographies.
906 ## - LOCAL DATA ELEMENT F, LDF (RLIN)
a 7
b cbc
c orignew
d u
e ncip
f 19
g y-gencatlg
942 ## - ADDED ENTRY ELEMENTS (KOHA)
Source of classification or shelving scheme
Item type Books
Holdings
Withdrawn status Lost status Source of classification or shelving scheme Damaged status Not for loan Collection code Permanent location Current location Shelving location Date acquired Total Checkouts Full call number Barcode Date last seen Price effective from Koha item type
          Koleksioni i përgjithshem UBT - Lipjan UBT - Lipjan Koleksioni i përgjithshem 03/06/2018   618.92 HUG 002-3001275 03/06/2018 03/06/2018 Books
UBT Library © 2015-2024. All rights reserved University Education for Business and Technology